| 000 | 00796nam a22002417a 4500 | ||
|---|---|---|---|
| 005 | 20141204113531.0 | ||
| 008 | 141026t2010 xxuadk frb 001 0 eng d | ||
| 020 | _a9781435499966 | ||
| 020 | _a1435499964 | ||
| 040 | _aEG-ScBUE | ||
| 082 | 0 | 0 |
_222 _a616.8554 _bMAN |
| 100 | 1 |
_aManning, Walter H. _936338 |
|
| 245 | 1 | 0 |
_aClinical decision making in fluency disorders / _cWalter H. Manning. |
| 250 |
_a3rd ed., _binternational ed. |
||
| 260 |
_aClifton Park, United States : _bDelmar Cengage Learning, _cc.2010. |
||
| 300 |
_axxix, 713 p. : _bchart, forms, tables ; _c23 cm. |
||
| 500 | _aIncludes indexes. | ||
| 504 | _aBibliography : p. 605-679. | ||
| 650 | 0 |
_aStuttering _936337 |
|
| 653 |
_bNNUR _cOctober2014 _cDecember2014 |
||
| 655 |
_vreading book _934232 |
||
| 942 |
_2ddc _k616.8554 MAN |
||
| 999 |
_c18502 _d18474 |
||